000 00447nam a2200169 4500
001 110082
003 ES-MaACL
005 20230906184955.0
007 t|
008 061121s1930 fr r ||||1| fre d
100 1 _aOcagne, Maurice D'.
_9216570
245 1 0 _aCours de geométrie /
_cMaurice D' Ocagne.
260 _aParís :
_bGauthiers,
_c1930.
300 _a428 p. ;
_c28 cm.
852 _aES-MaACL
_jC-11212
_bR.10512
999 _c110082
_d110082